| 000 | 00690nam a22001697a 4500 | ||
|---|---|---|---|
| 003 | UA-OsUOA | ||
| 001 | 10121 | ||
| 007 | ta | ||
| 008 | 20041228b un ||||| |||| 00| 0 ukr d | ||
| 942 | _cSA | ||
| 040 |
_aUA-OsUOA _cUA-OsUOA _dUA-OsUOA |
||
| 245 | _aПро затвердження Правил визначення платіжності та обміну банкнот і монет Національного Банку україни : Постанова Правління Національного банку України, 17.11.2004 р. N 547 | ||
| 300 | _aС.11 | ||
| 955 | _a0 | ||
| 773 | 0 |
_w0 _tУрядовий кур'єр _dКиїв _d2004 _gN246/груд./ |
|
| 650 | 7 | _2UDC | |
| 999 |
_c296282 _d296282 |
||